LEADER 01032nam0-22003131i-450- 001 990006342030403321 005 20080718134156.0 035 $a000634203 035 $aFED01000634203 035 $a(Aleph)000634203FED01 035 $a000634203 100 $a20000112d1996----km-y0itay50------ba 101 0 $aita 102 $aIT 105 $ay-------001yy 200 1 $a<>responsabilità civile, penale, amministrativa degli amministratori pubblici$ecomuni, province, regioni, usl e aziende speciali$econ la giurisprudenza della Corte dei Conti$fGianfranco Perulli 205 $a2. ed. 210 $aMilano$cGiuffrè$d1996 215 $aXI, 211 p.$d24 cm 225 1 $aCosa & come$iEnti locali$v7 676 $a350.9 700 1$aPerulli,$bGianfranco$039193 801 0$aIT$bUNINA$gRICA$2UNIMARC 901 $aBK 912 $a990006342030403321 952 $aVI M 19 (7)$b33278*$fFGBC 959 $aFGBC 996 $aResponsabilità civile, penale, amministrativa degli amministratori pubblici$9657349 997 $aUNINA LEADER 00921nam0-22003491i-450- 001 990001487490403321 005 20090723122908.0 010 $a0-201-82470-1 035 $a000148749 035 $aFED01000148749 035 $a(Aleph)000148749FED01 035 $a000148749 100 $a20011115d1998----km-y0itay50------ba 101 0 $aeng 102 $aUS 105 $aa---a---001yy 200 1 $aC++ Primer$fStanley B. Lippman, Josée Lajoie 205 $a3rd ed. 210 $aReading [Mass.]$cAddison-Wesley$dc1998 215 $axxii, 1236 p.$d23 cm 610 0 $aLinguaggi di programmazione 610 0 $aC++ 676 $a005.133 700 1$aLippman,$bStanley B.$061503 701 1$aLajoie,$bJosée$0352303 801 0$aIT$bUNINA$gRICA$2UNIMARC 901 $aBK 912 $a990001487490403321 952 $a005.133-LIP-1$b1146$fSC1 959 $aSC1 996 $aC++ primer$926562 997 $aUNINA